Statistiken für Städte des Eurovision Song Contest

Klicken Sie hier um das Quiz zu spielen!

Allgemein

  • Dieses Quiz wurde 430 mal gespielt
    (286 seit der letzten Aktualisierung)
  • Das Durchschnittsergebnis liegt bei 47 aus 66

Antwortstatistiken

JahrStadt% Korrekt
2010Oslo
96%
1996Oslo
96%
2016Stockholm
96%
1975Stockholm
96%
2000Stockholm
96%
2015Wien
96%
1967Wien
96%
2001Kopenhagen
92%
2014Kopenhagen
92%
1964Kopenhagen
92%
1963London
92%
1968London
92%
1960London
92%
1977London
92%
1978Paris
92%
1988Dublin
91%
1995Dublin
91%
1981Dublin
91%
1997Dublin
91%
1994Dublin
91%
1971Dublin
91%
2009Moskau
91%
2007Helsinki
90%
2018Lissabon
89%
1970Amsterdam
88%
2011Düsseldorf
88%
1991Rom
88%
1969Madrid
87%
2006Athen
86%
2005Kiew
86%
2017Kiew
86%
1987Brüssel
81%
2004Istanbul
80%
1983München
79%
2003Riga
79%
2021Rotterdam
79%
2012Baku
78%
2022Turin
78%
2008Belgrad
77%
1992Malmö
76%
2013Malmö
76%
2002Tallinn
76%
2019Tel Aviv
73%
1962Luxemburg
69%
1966Luxemburg
69%
1973Luxemburg
69%
1984Luxemburg
69%
1990Zagreb
62%
1979Jerusalem
60%
1999Jerusalem
60%
1957Frankfurt am Main
44%
1998Birmingham
42%
1985Göteborg
42%
1965Neapel
42%
1986Bergen
32%
1976Den Haag
32%
1980Den Haag
32%
1989Lausanne
32%
1972Edinburgh
31%
1956Lugano
24%
1974Brighton
16%
1961Cannes
15%
1959Cannes
15%
1958Hilversum
15%
1982Harrogate
14%
1993Millstreet
14%

Verteilung der Resultate

Perzentil nach korrekt beantworteten Fragen

Anzahl Personen mit jedem Resultat

Ihre Resultats-Entwicklung

Sie haben dieses Quiz seit der letzten Aktualisierung nicht gespielt